000 00806nam a2200265 a 4500
999 _c2766
_d2766
006 a||||go||d| 00| 0
007 cr |||||||||||
008 700105s1969 enka ob 001 0 eng d
020 _a9780080134024
_c(ebook)
040 _aKO
_beng
044 _aenk
082 0 0 _a623.872
_223
245 0 0 _aMarine combustion practice /
_c[by] J. Flack and others.
250 _a1st ed.]
260 _aLondon :
_bPergamon Press,
_c[1969]
300 _a1 online resource
490 0 _aThe Commonwealth and international library. Marine engineering division
504 _aIncludes bibliographies.
650 0 _aMarine engines.
700 1 _aFlack, J. Ernest
_q(John Ernest),
_d1929-
856 4 0 _uhttps://www.sciencedirect.com/science/book/9780080134024
904 _aA_BOSE
942 _cEB